| 000 | 00723nam a2200205 u 4500 | ||
|---|---|---|---|
| 005 | 20220916063528.0 | ||
| 008 | 080610s2006 mx r 000 0 spa d | ||
| 020 | _a9681662792 | ||
| 035 | _aUPN01000156770 | ||
| 049 | _aI | ||
| 050 | 4 |
_aPZ8 _bM6.7 |
|
| 100 | 1 |
_aMorgenstern, Susie, _d1945- |
|
| 245 | 1 | 4 |
_aLas princesas también van a la escuela / _cSusie Morgenstern ; il. de Martha Avilés ; tr. de Joëlle Rorive. |
| 260 |
_aMéxico : _bFCE, _c2006. |
||
| 300 |
_a[44] p. : _bil. |
||
| 440 | 0 |
_aA la orilla del viento. _pPara los que empiezan a leer ; _v146 |
|
| 534 |
_pTítulo original: _tMéme les princesses doivent aller á l'école |
||
| 650 | 7 |
_aLiteratura infantil estadounidense _2 _99173 |
|
| 905 | _aInfantil | ||
| 999 |
_c128884 _d128884 |
||